[Event "Aleksandria Cup"]
[Site "?"]
[Date "2015.07.14"]
[Round "2.7"]
[White "Vardanian, Haik G."]
[Black "Bernadskiy, Vitaliy"]
[Result "1-0"]
[LiveChessVersion "1.3.1"]
[BlackElo "2548"]
[WhiteElo "2301"]

1. d4 {[%clk 1:30:49]} Nf6 {[%clk 1:30:56]} 2. c4 {[%clk 1:31:03]} g6
{[%clk 1:30:48]} 3. g3 {[%clk 1:31:11]} Bg7 {[%clk 1:30:32]} 4. Bg2
{[%clk 1:31:36]} d5 {[%clk 1:30:58]} 5. Nf3 {[%clk 1:30:32]} O-O {[%clk 1:30:59]}
6. cxd5 {[%clk 1:29:22]} Nxd5 {[%clk 1:31:26]} 7. O-O {[%clk 1:29:34]} Nb6
{[%clk 1:31:44]} 8. Nc3 {[%clk 1:28:17]} Nc6 {[%clk 1:32:08]} 9. e3
{[%clk 1:28:12]} a5 {[%clk 1:28:42]} 10. Qe2 {[%clk 1:27:03]} Bg4
{[%clk 1:25:09]} 11. h3 {[%clk 1:24:50]} Be6 {[%clk 1:25:22]} 12. Rd1
{[%clk 1:24:16]} Bc4 {[%clk 1:24:13]} 13. Qd2 {[%clk 1:17:25]} a4
{[%clk 1:24:02]} 14. Rb1 {[%clk 1:14:20]} e5 {[%clk 1:18:37]} 15. b3
{[%clk 1:05:36]} axb3 {[%clk 1:17:47]} 16. axb3 {[%clk 1:05:55]} exd4
{[%clk 1:17:15]} 17. Nxd4 {[%clk 1:04:42]} Nxd4 {[%clk 1:17:14]} 18. bxc4 Nc6
{[%clk 1:13:20]} 19. Qc2 {[%clk 0:58:28]} Qc8 {[%clk 1:04:44]} 20. Nd5
{[%clk 0:54:36]} Nxd5 {[%clk 1:04:32]} 21. cxd5 {[%clk 0:54:33]} Ne5 22. e4 Nd7
{[%clk 0:51:05]} 23. f4 {[%clk 0:49:41]} c6 {[%clk 0:45:31]} 24. d6
{[%clk 0:40:23]} Ra5 {[%clk 0:42:22]} 25. Be3 {[%clk 0:38:16]} Re8
{[%clk 0:38:05]} 26. Bf2 g5 {[%clk 0:24:34]} 27. e5 {[%clk 0:32:50]} Bh6
{[%clk 0:23:43]} 28. Qf5 {[%clk 0:29:38]} Bg7 {[%clk 0:15:21]} 29. Qxg5
{[%clk 0:22:08]} f6 {[%clk 0:13:39]} 30. Qf5 {[%clk 0:21:24]} fxe5
{[%clk 0:13:59]} 31. Be4 {[%clk 0:21:12]} h6 {[%clk 0:13:35]} 32. Rf1
{[%clk 0:17:44]} Nf6 {[%clk 0:10:25]} 33. Qxc8 {[%clk 0:17:02]} Rxc8
{[%clk 0:10:53]} 34. Bf5 {[%clk 0:15:13]} Rca8 {[%clk 0:11:21]} 35. Bb6
{[%clk 0:14:49]} Ra3 {[%clk 0:11:18]} 36. fxe5 {[%clk 0:12:26]} Rxg3+
{[%clk 0:09:34]} 37. Kh1 {[%clk 0:06:07]} Nd5 {[%clk 0:07:20]} 38. Be6+
{[%clk 0:05:21]} Kh8 {[%clk 0:05:06]} 39. Bxd5 {[%clk 0:05:41]} Rxh3+
{[%clk 0:03:21]} 40. Kg2 {[%clk 0:35:00]} Rh5 {[%clk 0:33:42]} 41. d7
{[%clk 0:31:12]} Rg5+ {[%clk 0:33:34]} 42. Kh1 {[%clk 0:31:18]} Rh5+
{[%clk 0:32:22]} 43. Kg1 {[%clk 0:31:36]} Rxe5 {[%clk 0:32:09]} 44. Bg2
{[%clk 0:31:18]} 1-0

[Event "Aleksandria Cup"]
[Site "?"]
[Date "2015.07.14"]
[Round "2.8"]
[White "Maghalashvili, Davit"]
[Black "Guseynov, Alihan"]
[Result "1/2-1/2"]
[LiveChessVersion "1.3.1"]
[BlackElo "2255"]
[WhiteElo "2515"]

1. Nf3 {[%clk 1:30:54]} g6 {[%clk 1:30:08]} 2. g3 {[%clk 1:31:11]} Bg7
{[%clk 1:30:33]} 3. c4 {[%clk 1:31:27]} d6 {[%clk 1:29:58]} 4. d4
{[%clk 1:31:29]} Nf6 {[%clk 1:30:22]} 5. Bg2 {[%clk 1:31:55]} O-O
{[%clk 1:30:45]} 6. O-O {[%clk 1:32:22]} c6 {[%clk 1:31:07]} 7. Nc3
{[%clk 1:31:59]} Qb6 {[%clk 1:31:14]} 8. b3 {[%clk 1:28:02]} e5 {[%clk 1:29:51]}
9. d5 {[%clk 1:24:53]} e4 {[%clk 1:16:09]} 10. Ng5 {[%clk 1:21:58]} Nxd5
{[%clk 0:57:32]} 11. cxd5 {[%clk 1:16:47]} Bxc3 {[%clk 0:57:19]} 12. Be3
{[%clk 1:17:03]} c5 {[%clk 0:51:20]} 13. Nxe4 {[%clk 1:16:00]} Be5
{[%clk 0:45:34]} 14. Rc1 {[%clk 1:02:13]} Bf5 {[%clk 0:39:04]} 15. Nd2
{[%clk 1:00:11]} Qa6 {[%clk 0:31:29]} 16. Nc4 {[%clk 0:59:34]} Bf6
{[%clk 0:31:12]} 17. Bf4 {[%clk 0:59:31]} Be7 {[%clk 0:29:14]} 18. e4
{[%clk 0:59:12]} Bd7 {[%clk 0:18:46]} 19. a4 {[%clk 0:54:10]} b5 {[%clk 0:17:34]}
20. axb5 {[%clk 0:52:48]} Bxb5 {[%clk 0:17:53]} 21. Ra1 {[%clk 0:51:50]} Qb7 22.
e5 {[%clk 0:46:51]} Bxc4 {[%clk 0:14:59]} 23. bxc4 {[%clk 0:46:48]} Nd7
{[%clk 0:09:41]} 24. exd6 {[%clk 0:41:22]} Bf6 {[%clk 0:10:00]} 25. Rb1
{[%clk 0:41:31]} Qa6 {[%clk 0:09:58]} 26. Qc2 {[%clk 0:41:35]} Be5
{[%clk 0:09:23]} 27. Be3 {[%clk 0:35:12]} Rab8 {[%clk 0:07:08]} 28. Bh3
{[%clk 0:33:23]} f5 {[%clk 0:06:52]} 29. Rfe1 {[%clk 0:31:49]} Qxd6
{[%clk 0:05:28]} 30. Qa4 {[%clk 0:31:37]} a6 {[%clk 0:03:11]} 31. f4
{[%clk 0:29:53]} Bc3 {[%clk 0:03:30]} 32. Rxb8 {[%clk 0:25:58]} Rxb8
{[%clk 0:03:45]} 33. Rc1 {[%clk 0:26:21]} Bd4 {[%clk 0:03:00]} 34. Bxd4
{[%clk 0:21:18]} cxd4 {[%clk 0:03:29]} 35. Re1 {[%clk 0:18:54]} Nc5
{[%clk 0:01:08]} 36. Qc6 {[%clk 0:17:15]} Qxc6 {[%clk 0:01:20]} 37. dxc6
{[%clk 0:17:40]} Rc8 {[%clk 0:00:53]} 38. Bg2 {[%clk 0:17:11]} Ne4
{[%clk 0:00:36]} 39. Bxe4 {[%clk 0:16:31]} fxe4 {[%clk 0:01:05]} 40. Rxe4
{[%clk 0:46:52]} Rxc6 {[%clk 0:30:39]} 41. Rxd4 {[%clk 0:47:16]} a5
{[%clk 0:28:39]} 42. Kf2 {[%clk 0:45:24]} a4 {[%clk 0:28:10]} 43. Ke3
{[%clk 0:45:06]} a3 {[%clk 0:27:07]} 44. Rd8+ {[%clk 0:45:23]} Kf7
{[%clk 0:27:16]} 45. Ra8 {[%clk 0:45:41]} Rxc4 {[%clk 0:27:33]} 46. Rxa3
{[%clk 0:46:00]} h5 {[%clk 0:27:25]} 47. Kf3 {[%clk 0:40:03]} Kf6
{[%clk 0:25:42]} 48. Ra6+ {[%clk 0:39:52]} Kf5 {[%clk 0:25:30]} 49. Ra5+
{[%clk 0:40:10]} Kf6 {[%clk 0:25:50]} 50. Kg2 {[%clk 0:38:26]} Rc2+
{[%clk 0:25:38]} 51. Kh3 {[%clk 0:37:48]} Rb2 {[%clk 0:25:05]} 52. Ra6+
{[%clk 0:37:54]} Kf5 {[%clk 0:25:23]} 53. Ra8 {[%clk 0:38:18]} Kf6
{[%clk 0:25:42]} 54. Ra1 {[%clk 0:37:02]} Kf5 {[%clk 0:25:10]} 55. Rg1
{[%clk 0:36:26]} g5 {[%clk 0:24:27]} 56. fxg5 {[%clk 0:36:47]} Kxg5
{[%clk 0:24:52]} 1/2-1/2

[Event "Aleksandria Cup"]
[Site "?"]
[Date "2015.07.14"]
[Round "2.9"]
[White "Firouzja, Alireza"]
[Black "Rasulov, Vugar"]
[Result "1-0"]
[LiveChessVersion "1.3.1"]
[BlackElo "2504"]
[WhiteElo "2277"]

1. e4 {[%clk 1:30:54]} g6 {[%clk 1:28:44]} 2. d4 {[%clk 1:31:17]} Bg7
{[%clk 1:29:06]} 3. Nf3 {[%clk 1:31:05]} c6 {[%clk 1:29:10]} 4. Nc3
{[%clk 1:31:10]} d6 {[%clk 1:29:15]} 5. Bc4 {[%clk 1:28:25]} Nf6 {[%clk 1:27:55]}
6. e5 {[%clk 1:17:42]} dxe5 {[%clk 1:28:14]} 7. Nxe5 {[%clk 1:18:03]} O-O
{[%clk 1:28:33]} 8. O-O {[%clk 1:17:49]} Nbd7 {[%clk 1:26:50]} 9. Nxd7
{[%clk 1:08:57]} Bxd7 {[%clk 1:26:55]} 10. Bf4 {[%clk 1:07:21]} Bf5
{[%clk 1:21:50]} 11. Be5 {[%clk 1:06:13]} Bh6 {[%clk 1:21:05]} 12. Bb3
{[%clk 1:04:52]} Nd7 {[%clk 1:19:49]} 13. Qe2 {[%clk 1:00:38]} Nxe5
{[%clk 1:18:38]} 14. dxe5 {[%clk 1:00:59]} Qc8 {[%clk 1:11:26]} 15. Rad1
{[%clk 0:57:15]} Bg4 {[%clk 1:11:05]} 16. f3 {[%clk 0:57:40]} Be6
{[%clk 1:11:31]} 17. Ne4 {[%clk 0:52:51]} b6 {[%clk 1:09:38]} 18. Ng3
{[%clk 0:48:44]} a5 {[%clk 1:04:36]} 19. Qe4 {[%clk 0:47:31]} Ra7
{[%clk 0:58:04]} 20. f4 {[%clk 0:45:54]} Bg4 {[%clk 0:54:18]} 21. Rd3
{[%clk 0:43:10]} e6 {[%clk 0:54:19]} 22. Qe3 {[%clk 0:40:05]} a4 {[%clk 0:53:40]}
23. Bc4 {[%clk 0:40:28]} Qb8 {[%clk 0:40:17]} 24. Ne4 Bg7 {[%clk 0:26:26]} 25.
Rd6 {[%clk 0:18:21]} Bf5 {[%clk 0:24:03]} 26. Rxc6 {[%clk 0:13:04]} b5
{[%clk 0:20:44]} 27. Bd3 {[%clk 0:13:06]} b4 {[%clk 0:21:12]} 28. Rb6
{[%clk 0:13:06]} Rb7 {[%clk 0:21:06]} 29. Rxb7 {[%clk 0:13:27]} Qxb7
{[%clk 0:21:31]} 30. Qd4 {[%clk 0:11:20]} Rb8 {[%clk 0:21:39]} 31. Nd6
{[%clk 0:10:53]} Qc6 {[%clk 0:21:48]} 32. Qa7 {[%clk 0:10:35]} Rf8
{[%clk 0:21:54]} 33. Bxf5 {[%clk 0:07:13]} gxf5 {[%clk 0:22:04]} 34. c4
{[%clk 0:07:12]} bxc3 {[%clk 0:21:29]} 35. bxc3 {[%clk 0:07:33]} Qxc3
{[%clk 0:19:53]} 36. Qxa4 {[%clk 0:07:58]} Qc7 {[%clk 0:16:21]} 37. Ne8
{[%clk 0:06:46]} Qb7 {[%clk 0:15:17]} 38. h3 {[%clk 0:04:38]} Bh6
{[%clk 0:15:39]} 39. Nf6+ {[%clk 0:02:17]} Kh8 {[%clk 0:16:08]} 40. Qd1
{[%clk 0:31:52]} Bg7 {[%clk 0:44:38]} 41. Nh5 {[%clk 0:24:28]} Qa7+
{[%clk 0:41:27]} 42. Rf2 {[%clk 0:24:17]} Rb8 {[%clk 0:40:56]} 43. Qd2
{[%clk 0:21:57]} Bf8 {[%clk 0:40:02]} 44. Kh2 {[%clk 0:22:00]} Be7
{[%clk 0:40:18]} 45. Rf1 {[%clk 0:18:54]} h6 {[%clk 0:37:19]} 46. Rd1
{[%clk 0:18:17]} Rg8 {[%clk 0:37:05]} 47. Qe2 {[%clk 0:17:56]} Qa4
{[%clk 0:36:11]} 48. Rd3 {[%clk 0:15:01]} Qc4 {[%clk 0:32:32]} 49. Qf3
{[%clk 0:13:27]} Bc5 {[%clk 0:26:52]} 50. Nf6 {[%clk 0:09:33]} Rb8
{[%clk 0:27:20]} 51. Nd7 {[%clk 0:09:07]} Rb1 {[%clk 0:25:40]} 52. Qa8+
{[%clk 0:09:18]} 1-0

[Event "Aleksandria Cup"]
[Site "?"]
[Date "2015.07.14"]
[Round "2.10"]
[White "Azaladze, Shota"]
[Black "Patsia, Zviad"]
[Result "1-0"]
[LiveChessVersion "1.3.1"]
[BlackElo "2231"]
[WhiteElo "2488"]

1. Nf3 {[%clk 1:29:33]} Nf6 {[%clk 1:30:26]} 2. g3 {[%clk 1:30:00]} b5
{[%clk 1:30:26]} 3. Bg2 {[%clk 1:30:15]} Bb7 {[%clk 1:30:53]} 4. O-O
{[%clk 1:29:59]} c5 {[%clk 1:30:25]} 5. b3 {[%clk 1:30:22]} Nc6 {[%clk 1:27:42]}
6. c4 {[%clk 1:30:24]} bxc4 {[%clk 1:21:56]} 7. bxc4 {[%clk 1:30:39]} Rb8
{[%clk 1:19:57]} 8. Nc3 {[%clk 1:30:36]} Nd4 {[%clk 1:15:21]} 9. Nxd4
{[%clk 1:25:13]} cxd4 {[%clk 1:10:08]} 10. Bxb7 {[%clk 1:20:52]} Rxb7
{[%clk 1:10:34]} 11. Nb5 {[%clk 1:21:14]} h5 {[%clk 1:02:20]} 12. Rb1
{[%clk 1:06:27]} e5 {[%clk 0:51:22]} 13. Nd6+ {[%clk 1:01:15]} Bxd6
{[%clk 0:51:47]} 14. Rxb7 {[%clk 1:01:40]} h4 {[%clk 0:51:11]} 15. Qb3
{[%clk 0:59:05]} Ne4 {[%clk 0:38:49]} 16. Ba3 {[%clk 0:44:16]} Nxd2
{[%clk 0:30:40]} 17. Qb5 {[%clk 0:41:36]} a6 18. Qd5 hxg3 {[%clk 0:10:07]} 19.
Bxd6 {[%clk 0:37:40]} gxh2+ {[%clk 0:09:53]} 20. Kh1 {[%clk 0:37:53]} 1-0

[Event "Aleksandria Cup"]
[Site "?"]
[Date "2015.07.14"]
[Round "2.11"]
[White "Benidze, Davit"]
[Black "Hakobyan, Hovhannes H."]
[Result "1/2-1/2"]
[LiveChessVersion "1.3.1"]
[BlackElo "2095"]
[WhiteElo "2465"]

1. Nf3 {[%clk 1:31:19]} Nf6 2. c4 g6 {[%clk 1:30:43]} 3. g3 {[%clk 1:31:42]} Bg7
{[%clk 1:31:11]} 4. Bg2 {[%clk 1:32:11]} O-O {[%clk 1:31:29]} 5. O-O
{[%clk 1:32:38]} d6 {[%clk 1:31:55]} 6. Nc3 {[%clk 1:32:24]} e5 {[%clk 1:32:23]}
7. Rb1 h6 {[%clk 1:27:10]} 8. d3 {[%clk 1:24:40]} Nc6 {[%clk 1:27:39]} 9. b4
{[%clk 1:25:03]} Be6 {[%clk 1:28:07]} 10. b5 {[%clk 1:25:00]} Ne7
{[%clk 1:24:41]} 11. a4 {[%clk 1:23:23]} Qd7 {[%clk 1:20:44]} 12. Ba3
{[%clk 1:14:48]} b6 {[%clk 1:05:16]} 13. d4 {[%clk 1:11:04]} exd4
{[%clk 0:59:47]} 14. Nxd4 {[%clk 1:10:37]} Bxc4 {[%clk 1:00:15]} 15. Bxa8
{[%clk 1:10:37]} Rxa8 {[%clk 1:00:15]} 16. Rc1 {[%clk 1:10:37]} Qh3
{[%clk 1:00:15]} 17. Nf3 {[%clk 0:43:28]} Ng4 {[%clk 0:45:38]} 18. Ne4
{[%clk 0:37:24]} Nf5 {[%clk 0:43:09]} 19. Rxc4 {[%clk 0:37:42]} Nfe3
{[%clk 0:43:36]} 1/2-1/2

[Event "Aleksandria Cup"]
[Site "?"]
[Date "2015.07.14"]
[Round "2.12"]
[White "Poghosyan, Suren"]
[Black "Sivuk, Vitaly"]
[Result "1/2-1/2"]
[LiveChessVersion "1.3.1"]
[BlackElo "2463"]
[WhiteElo "2273"]

1. d4 {[%clk 1:30:16]} Nf6 {[%clk 1:30:44]} 2. c4 {[%clk 1:30:30]} e6
{[%clk 1:31:02]} 3. Nc3 {[%clk 1:30:46]} Bb4 {[%clk 1:31:20]} 4. e3
{[%clk 1:30:47]} b6 {[%clk 1:31:17]} 5. Nge2 {[%clk 1:30:26]} Ne4
{[%clk 1:31:21]} 6. Qc2 {[%clk 1:23:14]} Bb7 {[%clk 1:31:07]} 7. a3
{[%clk 1:23:27]} Bxc3+ {[%clk 1:31:20]} 8. Nxc3 {[%clk 1:23:49]} Nxc3
{[%clk 1:31:42]} 9. Qxc3 {[%clk 1:24:10]} O-O {[%clk 1:31:43]} 10. Bd3
{[%clk 1:19:19]} Qg5 {[%clk 1:24:19]} 11. Bd2 {[%clk 1:17:58]} Qxg2
{[%clk 1:24:23]} 12. O-O-O {[%clk 1:18:18]} Qxh1 {[%clk 1:22:19]} 13. Rxh1
{[%clk 1:18:36]} Bxh1 {[%clk 1:22:43]} 14. e4 {[%clk 1:11:51]} f5
{[%clk 1:08:31]} 15. exf5 {[%clk 1:01:13]} exf5 {[%clk 1:08:47]} 16. Bf4
{[%clk 1:01:25]} d6 {[%clk 0:55:34]} 17. Qe1 {[%clk 0:27:45]} Bc6
{[%clk 0:43:42]} 18. Qe6+ {[%clk 0:25:44]} Kh8 {[%clk 0:43:08]} 19. d5
{[%clk 0:25:02]} Ba4 20. Bc2 {[%clk 0:17:11]} Bxc2 {[%clk 0:35:30]} 21. Kxc2
{[%clk 0:17:26]} Na6 {[%clk 0:31:20]} 22. Be3 {[%clk 0:16:50]} Rae8
{[%clk 0:27:47]} 23. Qd7 {[%clk 0:16:55]} Re4 {[%clk 0:27:03]} 24. Kd3
{[%clk 0:12:40]} Rfe8 {[%clk 0:18:29]} 25. b4 {[%clk 0:09:41]} R4e7
{[%clk 0:11:58]} 26. Qxf5 {[%clk 0:09:42]} Kg8 {[%clk 0:12:03]} 27. Kc3
{[%clk 0:06:48]} Nb8 {[%clk 0:11:26]} 28. Qc2 {[%clk 0:07:07]} Nd7
{[%clk 0:07:15]} 29. Qa4 {[%clk 0:07:17]} Nf6 {[%clk 0:06:10]} 30. Kb3
{[%clk 0:07:14]} Ng4 {[%clk 0:03:48]} 31. Bg5 {[%clk 0:07:01]} Re5
{[%clk 0:03:32]} 32. Bf4 {[%clk 0:07:01]} R5e7 {[%clk 0:02:20]} 33. Bg5
{[%clk 0:07:23]} Re5 {[%clk 0:02:02]} 34. Bf4 {[%clk 0:06:25]} R5e7
{[%clk 0:02:24]} 35. Bg3 {[%clk 0:04:03]} Rf8 {[%clk 0:01:36]} 36. Qxa7
{[%clk 0:03:17]} Nxf2 {[%clk 0:01:33]} 37. Bxf2 {[%clk 0:03:25]} Rxf2
{[%clk 0:01:56]} 38. Qb8+ {[%clk 0:03:34]} Kf7 {[%clk 0:01:10]} 39. Qc8
{[%clk 0:02:28]} h6 {[%clk 0:01:04]} 40. h3 {[%clk 0:32:15]} Rf4 {[%clk 0:30:57]}
41. Ka4 {[%clk 0:12:49]} Rxc4 {[%clk 0:24:42]} 42. Qf5+ {[%clk 0:12:49]} Kg8
{[%clk 0:24:28]} 43. Qc8+ {[%clk 0:12:58]} Kh7 {[%clk 0:20:02]} 44. Qf5+
{[%clk 0:12:03]} Kg8 {[%clk 0:13:54]} 45. Qc8+ {[%clk 0:10:44]} 1/2-1/2

[Event "Aleksandria Cup"]
[Site "?"]
[Date "2015.07.14"]
[Round "2.13"]
[White "Kostenko, Petr"]
[Black "Mkrtchyan, Sargis R."]
[Result "1-0"]
[LiveChessVersion "1.3.1"]
[BlackElo "2072"]
[WhiteElo "2457"]

1. c4 {[%clk 1:10:40]} g6 {[%clk 1:30:15]} 2. g3 {[%clk 1:10:37]} Nf6
{[%clk 1:30:04]} 3. Bg2 {[%clk 1:11:00]} d5 {[%clk 1:29:44]} 4. cxd5
{[%clk 1:11:24]} Nxd5 {[%clk 1:30:07]} 5. Nc3 {[%clk 1:11:43]} Nb6
{[%clk 1:30:01]} 6. d3 {[%clk 1:12:04]} Bg7 {[%clk 1:29:52]} 7. Be3
{[%clk 1:12:25]} N8d7 {[%clk 1:26:57]} 8. Qd2 {[%clk 1:12:37]} Nf6
{[%clk 1:26:08]} 9. Bh6 {[%clk 1:12:50]} Bxh6 {[%clk 1:20:50]} 10. Qxh6
{[%clk 1:13:15]} Qd4 {[%clk 1:21:11]} 11. Qd2 {[%clk 1:10:55]} c6
{[%clk 1:19:37]} 12. Nf3 {[%clk 1:10:53]} Qd6 {[%clk 1:18:29]} 13. h3
{[%clk 1:06:16]} h6 {[%clk 1:13:31]} 14. Rd1 {[%clk 1:02:18]} Be6
{[%clk 1:05:24]} 15. e4 {[%clk 1:00:51]} Qb4 {[%clk 1:01:56]} 16. a3
{[%clk 0:57:47]} Qa5 {[%clk 1:01:35]} 17. Nd4 {[%clk 0:57:58]} O-O-O
{[%clk 0:57:42]} 18. Nxe6 {[%clk 0:50:48]} fxe6 {[%clk 0:58:03]} 19. Qc1
{[%clk 0:50:19]} Kb8 {[%clk 0:49:02]} 20. b4 {[%clk 0:43:07]} Qe5
{[%clk 0:46:02]} 21. Ne2 {[%clk 0:35:18]} Qb5 {[%clk 0:40:59]} 22. Nc3 Qe5 23. f4
{[%clk 0:21:57]} Qh5 {[%clk 0:37:44]} 24. e5 {[%clk 0:16:50]} Nfd5
{[%clk 0:36:40]} 25. Ne4 {[%clk 0:17:06]} Na4 {[%clk 0:29:46]} 26. Kf2
{[%clk 0:09:04]} g5 {[%clk 0:27:31]} 27. fxg5 {[%clk 0:07:21]} Rhf8+
{[%clk 0:22:07]} 28. Kg1 {[%clk 0:05:42]} Nac3 {[%clk 0:10:39]} 29. g4
{[%clk 0:03:46]} Ne2+ {[%clk 0:10:14]} 30. Kh2 {[%clk 0:04:07]} Qh4
{[%clk 0:07:30]} 31. Qd2 {[%clk 0:03:12]} Ndf4 {[%clk 0:06:21]} 32. Qe1
{[%clk 0:03:13]} Nxg2 {[%clk 0:06:05]} 33. Qxe2 {[%clk 0:03:34]} Nf4
{[%clk 0:05:51]} 34. Qe3 {[%clk 0:03:57]} hxg5 {[%clk 0:04:18]} 35. Rhf1
{[%clk 0:02:12]} Rh8 {[%clk 0:03:01]} 36. Rf3 {[%clk 0:02:06]} Qxg4
{[%clk 0:02:41]} 37. Rg1 {[%clk 0:02:18]} Qh4 {[%clk 0:02:30]} 38. Nxg5
{[%clk 0:02:02]} Nd5 {[%clk 0:00:48]} 39. Qe4 {[%clk 0:02:14]} Qh5
{[%clk 0:00:33]} 40. Nxe6 {[%clk 0:30:57]} Nc3 {[%clk 0:30:32]} 41. Qg4
{[%clk 0:19:33]} Qxe5+ {[%clk 0:29:36]} 42. Qg3 {[%clk 0:18:44]} Qxg3+
{[%clk 0:26:05]} 43. Rgxg3 {[%clk 0:18:54]} Rd6 {[%clk 0:24:33]} 44. Rf8+
{[%clk 0:18:40]} Rxf8 {[%clk 0:24:54]} 45. Nxf8 {[%clk 0:19:07]} Kc7
{[%clk 0:22:41]} 46. h4 {[%clk 0:17:20]} Ne2 {[%clk 0:19:45]} 47. Rg7
{[%clk 0:16:20]} Nf4 {[%clk 0:17:39]} 48. Rxe7+ {[%clk 0:15:50]} Kb6
{[%clk 0:18:02]} 49. Kg3 {[%clk 0:13:05]} Rd4 {[%clk 0:14:19]} 50. Nd7+
{[%clk 0:11:49]} Kb5 {[%clk 0:12:53]} 51. Ne5 {[%clk 0:09:23]} Nh5+
{[%clk 0:09:52]} 52. Kh3 {[%clk 0:09:34]} Nf4+ {[%clk 0:08:19]} 53. Kh2
{[%clk 0:09:08]} Nxd3 {[%clk 0:05:07]} 54. Nf3 {[%clk 0:05:58]} Rg4
{[%clk 0:04:59]} 55. Rxb7+ {[%clk 0:06:05]} Ka6 {[%clk 0:04:58]} 56. Rf7
{[%clk 0:06:21]} Nf4 {[%clk 0:04:03]} 57. Rf5 {[%clk 0:06:26]} Nd5
{[%clk 0:03:27]} 58. h5 {[%clk 0:06:05]} Ne3 {[%clk 0:01:43]} 59. Kh3
{[%clk 0:04:50]} Rg8 {[%clk 0:00:36]} 60. Rc5 {[%clk 0:04:44]} Kb6
{[%clk 0:00:33]} 61. Nd4 {[%clk 0:04:01]} Ng2 {[%clk 0:01:01]} 62. Rxc6+
{[%clk 0:04:10]} Kb7 {[%clk 0:01:30]} 63. Rf6 {[%clk 0:04:25]} Ne3
{[%clk 0:01:35]} 64. h6 {[%clk 0:03:34]} 1-0

[Event "Aleksandria Cup"]
[Site "?"]
[Date "2015.07.14"]
[Round "2.14"]
[White "Babayan, Armine"]
[Black "Shahinyan, David"]
[Result "0-1"]
[LiveChessVersion "1.3.1"]
[BlackElo "2451"]
[WhiteElo "2154"]

1. e4 {[%clk 1:27:11]} e6 {[%clk 1:30:51]} 2. d4 {[%clk 1:27:32]} d5
{[%clk 1:31:12]} 3. Nc3 {[%clk 1:27:57]} Bb4 {[%clk 1:31:32]} 4. exd5
{[%clk 1:28:13]} exd5 {[%clk 1:31:36]} 5. Bd3 {[%clk 1:28:35]} Nc6
{[%clk 1:27:41]} 6. Nge2 {[%clk 1:28:46]} Be6 {[%clk 1:23:48]} 7. Be3
{[%clk 1:26:13]} Qd7 {[%clk 1:23:06]} 8. Qd2 {[%clk 1:26:16]} Nf6
{[%clk 1:21:27]} 9. a3 {[%clk 1:22:59]} Be7 {[%clk 1:18:10]} 10. b4
{[%clk 1:19:01]} O-O {[%clk 1:15:23]} 11. O-O {[%clk 1:16:21]} Bf5
{[%clk 1:13:32]} 12. Bxf5 {[%clk 1:10:33]} Qxf5 {[%clk 1:12:33]} 13. Bf4
{[%clk 1:06:06]} Bd6 {[%clk 1:08:05]} 14. Bxd6 {[%clk 1:04:18]} cxd6
{[%clk 1:08:33]} 15. f3 {[%clk 1:02:45]} Ne7 {[%clk 1:02:15]} 16. Ng3
{[%clk 0:57:26]} Qd7 {[%clk 1:02:13]} 17. a4 {[%clk 0:39:51]} Rac8
{[%clk 1:01:14]} 18. Nce2 {[%clk 0:34:58]} Rc4 {[%clk 0:56:52]} 19. Rfe1
{[%clk 0:30:53]} Rfc8 {[%clk 0:52:43]} 20. c3 {[%clk 0:30:49]} a5
{[%clk 0:52:37]} 21. bxa5 {[%clk 0:28:43]} Rxa4 {[%clk 0:44:31]} 22. Rxa4
{[%clk 0:27:38]} Qxa4 23. Qb2 Qxa5 {[%clk 0:35:35]} 24. Qxb7 {[%clk 0:27:36]} Re8
{[%clk 0:35:59]} 25. Rb1 {[%clk 0:24:18]} Ng6 {[%clk 0:31:03]} 26. Qb5
{[%clk 0:19:49]} Qa2 {[%clk 0:30:03]} 27. Qb2 {[%clk 0:19:00]} Qa4
{[%clk 0:25:34]} 28. Ra1 {[%clk 0:05:46]} Qd7 {[%clk 0:24:29]} 29. Qb6
{[%clk 0:04:13]} h5 {[%clk 0:24:22]} 30. Ra2 {[%clk 0:01:45]} h4 {[%clk 0:23:38]}
31. Nf1 {[%clk 0:02:13]} h3 {[%clk 0:23:59]} 32. Nfg3 {[%clk 0:00:39]} Qe6
{[%clk 0:22:07]} 33. Nf1 {[%clk 0:00:39]} hxg2 {[%clk 0:19:20]} 34. Kxg2
{[%clk 0:01:08]} Nh4+ {[%clk 0:19:08]} 35. Kf2 {[%clk 0:00:36]} Qh3
{[%clk 0:18:51]} 36. Nfg3 {[%clk 0:00:43]} Qxh2+ {[%clk 0:19:12]} 37. Kf1
{[%clk 0:00:57]} Qg2+ 0-1

[Event "Aleksandria Cup"]
[Site "?"]
[Date "2015.07.14"]
[Round "2.15"]
[White "Karayev, Kanan"]
[Black "Petrosyan, Manuel"]
[Result "0-1"]
[LiveChessVersion "1.3.1"]
[BlackElo "2449"]
[WhiteElo "1969"]

1. e4 {[%clk 1:29:54]} c5 {[%clk 1:30:32]} 2. c3 {[%clk 1:27:02]} Nf6
{[%clk 1:30:15]} 3. e5 {[%clk 1:27:22]} Nd5 {[%clk 1:30:39]} 4. d4
{[%clk 1:25:35]} cxd4 {[%clk 1:31:04]} 5. Qxd4 {[%clk 1:24:48]} e6
{[%clk 1:30:38]} 6. Nf3 {[%clk 1:25:13]} Nc6 {[%clk 1:31:02]} 7. Qe4
{[%clk 1:25:38]} f5 {[%clk 1:31:18]} 8. Qe2 {[%clk 1:26:01]} d6 {[%clk 1:30:48]}
9. g3 {[%clk 1:18:30]} Qc7 {[%clk 1:08:42]} 10. exd6 {[%clk 1:15:46]} Bxd6
{[%clk 1:08:35]} 11. Bg2 {[%clk 1:14:06]} Nb6 {[%clk 1:07:52]} 12. O-O
{[%clk 1:11:28]} O-O {[%clk 1:08:06]} 13. Nd4 {[%clk 1:10:18]} Nxd4
{[%clk 1:01:21]} 14. cxd4 {[%clk 1:10:30]} Bd7 {[%clk 1:00:03]} 15. Bg5
{[%clk 1:05:10]} Rae8 {[%clk 0:52:07]} 16. Nc3 {[%clk 0:55:18]} a6
{[%clk 0:50:13]} 17. Rac1 {[%clk 0:52:58]} Bc6 {[%clk 0:47:55]} 18. Rfd1
{[%clk 0:45:31]} Bxg2 {[%clk 0:44:33]} 19. Kxg2 {[%clk 0:42:31]} Qf7
{[%clk 0:41:44]} 20. Bd2 {[%clk 0:38:42]} f4 21. g4 {[%clk 0:38:42]} Qg6 22. Qf3
Bb8 23. Be1 {[%clk 0:31:14]} h5 {[%clk 0:23:06]} 24. h3 {[%clk 0:31:07]} hxg4
{[%clk 0:23:32]} 25. hxg4 {[%clk 0:31:18]} Rf5 {[%clk 0:23:29]} 26. Ne4
{[%clk 0:29:42]} Nd5 {[%clk 0:23:05]} 27. Kf1 {[%clk 0:28:17]} Rf7
{[%clk 0:20:56]} 28. Rc5 {[%clk 0:21:09]} b6 {[%clk 0:17:09]} 29. Rxd5
{[%clk 0:17:19]} exd5 {[%clk 0:16:57]} 30. Nc3 {[%clk 0:17:45]} Re3
{[%clk 0:03:46]} 31. fxe3 {[%clk 0:13:05]} fxe3 {[%clk 0:04:13]} 32. Kg2
{[%clk 0:13:28]} Rxf3 {[%clk 0:03:38]} 33. Kxf3 {[%clk 0:13:42]} Qh6
{[%clk 0:03:30]} 34. Ne2 {[%clk 0:11:55]} Qe6 {[%clk 0:02:30]} 35. Nc3
{[%clk 0:11:19]} b5 {[%clk 0:02:40]} 36. a3 {[%clk 0:10:31]} g5 {[%clk 0:02:33]}
37. Rd3 {[%clk 0:05:37]} Bf4 {[%clk 0:02:53]} 38. Bg3 {[%clk 0:06:01]} Bxg3
{[%clk 0:03:01]} 39. Rxe3 {[%clk 0:06:22]} Qf7+ {[%clk 0:03:05]} 0-1